000 00685nam a2200217Ia 4500
008 191130s2009##################000#0#eng##
020 _a9780737742220
022 _a2008039335
040 _aACL
_cACL
082 _a363.23089 NEL
245 _aRacial profiling
_cDavid Erik Nelson, book editor
260 _aDetroit, MI
_bGreenhaven Press
_cc2009
300 _a264 p. : ill. ; 24 cm
500 _aIncludes bibliographical references (p. 246-249) and index
650 _aDiscrimination in law enforcement
650 _aRacial profiling in law enforcement
700 _aNelson, David Erik
990 _aca2252d2ac10000c3572c315e73310d4
991 _a360848
999 _c389438
_d389438